Технология поиска решений и защиты объектов промышленной собственности: учебник для вузов

מידע ביבליוגרפי
מחברים אחרים: Мокрицкий Б. Я. Борис Яковлевич, Башкова Т. И. Татьяна Игоревна, Саблин П. А. Павел Алексеевич, Схиртладзе А. Г. Александр Георгиевич, Алтухова В. В. Виктория Викторовна
סיכום:В учебнике изложены методологические основы решения инженерных и изобретательских задач, краткие сведения об отдельных методах активизации технического твор­чества, приведён ряд примеров по объектам промышленной собственности.Учебник предназначен для студентов вузов, обучающих­ся по направлению «Конструкторско-технологическое обес­печение машиностроительных производств», а также будет полезен для аспирантов, научных работников, конструкто­ров, инженеров.Издание выполнено при поддержке грантов № 2014/68 (код проекта 254) и № 9.251.2014/К Минобрнауки РФ.
שפה:רוסית
יצא לאור: Старый Оскол, ТНТ, 2015
נושאים:
פורמט: ספר
KOHA link:https://koha.lib.tpu.ru/cgi-bin/koha/opac-detail.pl?biblionumber=291308

MARC

LEADER 00000nam0a2200000 4500
001 291308
005 20231102000356.0
010 |a 9785941784769 
035 |a (RuTPU)RU\TPU\book\315873 
090 |a 291308 
100 |a 20150413d2015 m y0rusy50 ca 
101 0 |a rus 
102 |a RU 
105 |a a j 001zy 
200 1 |a Технология поиска решений и защиты объектов промышленной собственности  |e учебник для вузов  |f Б. Я. Мокрицкий [и др.] 
210 |a Старый Оскол  |c ТНТ  |d 2015 
215 |a 463 с.  |c ил. 
320 |a Библиогр.: с. 379-384. 
330 |a В учебнике изложены методологические основы решения инженерных и изобретательских задач, краткие сведения об отдельных методах активизации технического твор­чества, приведён ряд примеров по объектам промышленной собственности.Учебник предназначен для студентов вузов, обучающих­ся по направлению «Конструкторско-технологическое обес­печение машиностроительных производств», а также будет полезен для аспирантов, научных работников, конструкто­ров, инженеров.Издание выполнено при поддержке грантов № 2014/68 (код проекта 254) и № 9.251.2014/К Минобрнауки РФ. 
606 1 |a Техническое творчество  |2 stltpush  |3 (RuTPU)RU\TPU\subj\60138  |9 77627 
610 1 |a техническое творчество 
610 1 |a активизация 
610 1 |a технические решения 
610 1 |a создание 
610 1 |a интеллектуальная собственность 
610 1 |a авторское право 
610 1 |a патентное право 
610 1 |a промышленная собственность 
610 1 |a заявки 
610 1 |a оформление 
610 1 |a промышленные образцы 
610 1 |a патенты 
610 1 |a индивидуализация 
610 1 |a ЭВМ 
610 1 |a электронные вычислительные машины 
610 1 |a базы данных 
610 1 |a программы 
610 1 |a международные соглашения 
610 1 |a коммерциализация 
610 1 |a управление 
610 1 |a учебники 
675 |a 62:001.894(075.8)  |v 4 
701 1 |a Мокрицкий  |b Б. Я.  |g Борис Яковлевич 
701 1 |a Башкова  |b Т. И.  |g Татьяна Игоревна 
701 1 |a Саблин  |b П. А.  |g Павел Алексеевич 
701 1 |a Схиртладзе  |b А. Г.  |g Александр Георгиевич 
701 1 |a Алтухова  |b В. В.  |g Виктория Викторовна 
801 1 |a RU  |b 63413507  |c 20150413 
801 2 |a RU  |b 63413507  |c 20220804  |g RCR 
900 |a Основы научных исследований 
900 |a Основы инженерного творчества 
900 |a Защита интеллектуальной собственности и патентоведение 
942 |c BK 
951 |l 8 
959 |a 41/20150413  |d 3  |e 0  |f ЧЗТЛ:1  |f УФ:2